Carregant...
Constitutional Policy and Envirnmental Jirusprudence in India
| Autor principal: | |
|---|---|
| Format: | Printed Book |
| Idioma: | English |
| Publicat: |
New Delhi
Macmillan
2006
|
| LEADER | 00534nam a22001577a 4500 | ||
|---|---|---|---|
| 008 | 180612s9999 000 0 eng | ||
| 020 | |a 1403929866 | ||
| 041 | |a Eng | ||
| 082 | |a 574.5 | ||
| 100 | |a Vasanthi Nimushakavi | ||
| 245 | |a Constitutional Policy and Envirnmental Jirusprudence in India | ||
| 260 | |a New Delhi |b Macmillan |c 2006 | ||
| 300 | |a 241p |b PB | ||
| 942 | |2 ddc |c BK | ||
| 999 | |c 270076 |d 270076 | ||
| 952 | |0 0 |1 0 |4 0 |6 574_500000000000000_VAS_C |7 0 |9 304101 |a ASC |b ASC |c ST1 |d 2018-09-05 |g 0.00 |l 0 |o 574.5 VAS/C |p ASC3207 |r 2018-08-20 |w 2018-08-20 |y BK | ||